000 00645nam a2200301Ia 4500
005 20260401122453.0
008 008 250103s9999 xx 000 0 eng d
020 _a9781421419954
037 _aTB
040 _aEDL
040 _beng
040 _cEDL
041 _2eng
041 _aeng
084 _a401DER
084 _qEDL
100 _aDerrida, Jacques
245 0 _aOf Grammatology
245 0 _cDerrida, Jacques
260 _aBaltimore
260 _bJohn Hopkins University Press
260 _c1974
300 _a441p
942 _cTB
942 _h401DER
999 _c1847494
_d1847494